[Event "ODJM C 2024"]
[Site "Willingen GER"]
[Date "2024.05.22"]
[Round "6"]
[White "Döscher, Rasmus"]
[Black "Peglau, Lorena"]
[Result "1-0"]
[Termination "normal"]
[Board "12"]
[WhiteElo "1503"]
[BlackElo "1563"]
[WhiteClock "00:58:12"]
[BlackClock "00:35:54"]
[PlyCount "39"]
[WhiteFideId "34625038"]
[BlackFideId "16290542"]
[EventCountry "GER"]
[EventRounds "9"]
[EventType "swiss"]
[EventDate "2024.05.18"]

1. d4 {[%clk 01:30:59]} d5 {[%clk 01:30:55]} {[%emt 00:00:06]} 2. c4 {[%clk
01:31:18]} {[%emt 00:00:11]} e6 {[%clk 01:31:19]} {[%emt 00:00:06]} 3. Nc3
{[%clk 01:31:36]} {[%emt 00:00:11]} Nf6 {[%clk 01:31:43]} {[%emt 00:00:06]} 4.
Nf3 {[%clk 01:31:52]} {[%emt 00:00:14]} Nbd7 {[%clk 01:32:07]} {[%emt
00:00:07]} 5. Bf4 {[%clk 01:31:47]} {[%emt 00:00:35]} Be7 {[%clk 01:32:14]}
{[%emt 00:00:23]} 6. e3 {[%clk 01:31:43]} {[%emt 00:00:33]} O-O {[%clk
01:32:30]} {[%emt 00:00:15]} 7. Bd3 {[%clk 01:30:45]} {[%emt 00:01:28]} c6
{[%clk 01:31:18]} {[%emt 00:01:42]} 8. Qc2 {[%clk 01:28:54]} {[%emt 00:02:21]}
a6 {[%clk 01:27:34]} {[%emt 00:04:15]} 9. cxd5 {[%clk 01:28:31]} {[%emt
00:00:52]} cxd5 {[%clk 01:26:34]} {[%emt 00:01:30]} 10. O-O {[%clk 01:28:27]}
{[%emt 00:00:33]} Nb6 {[%clk 01:23:48]} {[%emt 00:03:17]} 11. Ne5 {[%clk
01:24:42]} {[%emt 00:04:15]} Bd6 {[%clk 01:22:21]} {[%emt 00:01:57]} 12. h3
{[%clk 01:22:09]} {[%emt 00:03:02]} h6 {[%clk 01:17:33]} {[%emt 00:05:19]} 13.
Rac1 {[%clk 01:19:02]} {[%emt 00:03:37]} Qe7 {[%clk 01:15:38]} {[%emt
00:02:24]} 14. Qb3 {[%clk 01:16:28]} {[%emt 00:03:04]} Nbd7 {[%clk 01:10:30]}
{[%emt 00:05:39]} 15. Bb1 {[%clk 01:15:13]} {[%emt 00:01:45]} Rb8 {[%clk
01:04:49]} {[%emt 00:06:11]} 16. Qc2 {[%clk 01:12:48]} {[%emt 00:02:54]} a5
{[%clk 01:00:00]} {[%emt 00:05:20]} 17. Nb5 {[%clk 01:06:57]} {[%emt 00:06:21]}
Rd8 {[%clk 00:43:59]} {[%emt 00:16:31]} 18. Nxd6 {[%clk 01:06:38]} {[%emt
00:00:49]} g5 {[%clk 00:39:59]} {[%emt 00:04:30]} 19. Nexf7 {[%clk 00:58:56]}
{[%emt 00:08:12]} Rf8 {[%clk 00:35:54]} {[%emt 00:04:35]} 20. Qg6# {[%clk
00:58:12]} {[%emt 00:00:42]} 1-0

[Event "ODJM C 2024"]
[Site "Willingen GER"]
[Date "2024.05.22"]
[Round "6"]
[White "Savchuk, Andrej"]
[Black "Englert, Ann"]
[Result "1-0"]
[Termination "normal"]
[Board "13"]
[WhiteElo "1576"]
[BlackElo "1530"]
[WhiteClock "00:52:27"]
[BlackClock "00:46:01"]
[PlyCount "39"]
[WhiteFideId "34621180"]
[BlackFideId "34606181"]
[EventCountry "GER"]
[EventRounds "9"]
[EventType "swiss"]
[EventDate "2024.05.18"]

1. e4 {[%clk 01:30:58]} {[%emt 00:00:01]} c5 {[%clk 01:30:55]} {[%emt
00:00:05]} 2. f4 {[%clk 01:31:20]} {[%emt 00:00:07]} Nc6 {[%clk 01:31:04]}
{[%emt 00:00:22]} 3. Bb5 {[%clk 01:31:37]} {[%emt 00:00:13]} g6 {[%clk
01:30:52]} {[%emt 00:00:42]} 4. Bxc6 {[%clk 01:31:56]} {[%emt 00:00:11]} dxc6
{[%clk 01:30:37]} {[%emt 00:00:45]} 5. d3 {[%clk 01:30:44]} {[%emt 00:01:41]}
Bg7 {[%clk 01:30:39]} {[%emt 00:00:29]} 6. Nf3 {[%clk 01:30:28]} {[%emt
00:00:46]} Nf6 {[%clk 01:30:06]} {[%emt 00:01:03]} 7. O-O {[%clk 01:24:58]}
{[%emt 00:06:01]} O-O {[%clk 01:28:18]} {[%emt 00:02:18]} 8. Qe1 {[%clk
01:23:55]} {[%emt 00:01:31]} Qc7 {[%clk 01:22:55]} {[%emt 00:05:52]} 9. Qh4
{[%clk 01:15:11]} {[%emt 00:09:13]} Bd7 {[%clk 01:17:56]} {[%emt 00:05:32]} 10.
Nc3 {[%clk 01:08:53]} {[%emt 00:06:46]} Rad8 {[%clk 01:13:50]} {[%emt
00:04:36]} 11. f5 {[%clk 00:59:44]} {[%emt 00:09:40]} e6 {[%clk 01:05:58]}
{[%emt 00:08:22]} 12. e5 {[%clk 00:58:55]} {[%emt 00:01:20]} Nd5 {[%clk
01:01:08]} {[%emt 00:05:20]} 13. f6 {[%clk 00:58:05]} {[%emt 00:01:19]} h5
{[%clk 00:57:17]} {[%emt 00:04:22]} 14. fxg7 {[%clk 00:55:23]} {[%emt
00:03:10]} Kxg7 {[%clk 00:57:23]} {[%emt 00:00:25]} 15. Nxd5 {[%clk 00:55:44]}
{[%emt 00:00:09]} cxd5 {[%clk 00:57:00]} {[%emt 00:00:53]} 16. Qf6+ {[%clk
00:55:33]} {[%emt 00:00:40]} Kh7 {[%clk 00:53:34]} {[%emt 00:03:57]} 17. Qg5
{[%clk 00:55:41]} {[%emt 00:00:22]} Be8 {[%clk 00:47:35]} {[%emt 00:06:29]} 18.
Qh6+ {[%clk 00:55:00]} {[%emt 00:01:06]} Kg8 {[%clk 00:46:15]} {[%emt
00:01:56]} 19. Ng5 {[%clk 00:52:24]} {[%emt 00:03:05]} f5 {[%clk 00:46:01]}
{[%emt 00:00:45]} 20. Nxe6 {[%clk 00:52:27]} {[%emt 00:00:25]} 1-0

[Event "ODJM C 2024"]
[Site "Willingen GER"]
[Date "2024.05.22"]
[Round "6"]
[White "Weidenhöfer, Ben"]
[Black "Jamalli, Ali"]
[Result "0-1"]
[Termination "normal"]
[Board "14"]
[WhiteElo "1554"]
[BlackElo "1544"]
[WhiteClock "00:12:09"]
[BlackClock "00:52:04"]
[PlyCount "114"]
[WhiteFideId "16273702"]
[BlackFideId "34691464"]
[EventCountry "GER"]
[EventRounds "9"]
[EventType "swiss"]
[EventDate "2024.05.18"]

1. d4 {[%clk 01:30:57]} {[%emt 00:00:02]} g6 {[%clk 01:30:55]} {[%emt
00:00:06]} 2. Bg5 {[%clk 01:30:27]} {[%emt 00:00:59]} Bg7 {[%clk 01:31:19]}
{[%emt 00:00:06]} 3. e3 {[%clk 01:30:44]} {[%emt 00:00:13]} d6 {[%clk
01:31:30]} {[%emt 00:00:19]} 4. Bd3 {[%clk 01:24:56]} {[%emt 00:06:18]} Nf6
{[%clk 01:28:48]} {[%emt 00:03:12]} 5. Bxf6 {[%clk 01:21:55]} {[%emt 00:03:31]}
exf6 {[%clk 01:26:54]} {[%emt 00:02:25]} 6. h3 {[%clk 01:18:50]} {[%emt
00:03:34]} Nc6 {[%clk 01:25:18]} {[%emt 00:02:07]} 7. c4 {[%clk 01:17:14]}
{[%emt 00:02:05]} Nb4 {[%clk 01:23:54]} {[%emt 00:01:54]} 8. Qa4+ {[%clk
01:15:18]} {[%emt 00:02:27]} Nc6 {[%clk 01:22:58]} {[%emt 00:01:26]} 9. d5
{[%clk 01:15:33]} {[%emt 00:00:15]} Bd7 {[%clk 01:23:03]} {[%emt 00:00:24]} 10.
dxc6 {[%clk 01:15:43]} {[%emt 00:00:20]} Bxc6 {[%clk 01:23:33]} {[%emt
00:00:01]} 11. Qc2 {[%clk 01:14:00]} {[%emt 00:02:13]} Bxg2 {[%clk 01:23:22]}
{[%emt 00:00:40]} 12. Rh2 {[%clk 01:13:20]} {[%emt 00:01:09]} Bc6 {[%clk
01:23:44]} {[%emt 00:00:10]} 13. Be4 {[%clk 01:12:50]} {[%emt 00:00:59]} O-O
{[%clk 01:23:44]} {[%emt 00:00:29]} 14. Nc3 {[%clk 01:11:59]} {[%emt 00:01:22]}
Bxe4 {[%clk 01:22:51]} {[%emt 00:01:23]} 15. Qxe4 {[%clk 01:11:23]} {[%emt
00:01:06]} c6 {[%clk 01:19:52]} {[%emt 00:03:30]} 16. O-O-O {[%clk 01:08:45]}
{[%emt 00:03:07]} f5 {[%clk 01:19:53]} {[%emt 00:00:29]} 17. Qd3 {[%clk
01:07:15]} {[%emt 00:01:59]} Bxc3 {[%clk 01:17:26]} {[%emt 00:02:57]} 18. Qxc3
{[%clk 01:01:50]} {[%emt 00:05:55]} Rc8 {[%clk 01:17:29]} {[%emt 00:00:27]} 19.
Kb1 {[%clk 01:00:45]} {[%emt 00:01:34]} Qe7 {[%clk 01:16:56]} {[%emt 00:01:04]}
20. Qd4 {[%clk 00:58:56]} {[%emt 00:02:18]} Qe5 {[%clk 01:10:27]} {[%emt
00:06:59]} 21. Qxd6 {[%clk 00:45:17]} {[%emt 00:14:09]} Qe4+ {[%clk 01:08:37]}
{[%emt 00:02:21]} 22. Qd3 {[%clk 00:41:51]} {[%emt 00:03:55]} Qe5 {[%clk
01:06:46]} {[%emt 00:02:22]} 23. Nf3 {[%clk 00:40:34]} {[%emt 00:01:47]} Qe4
{[%clk 01:06:34]} {[%emt 00:00:42]} 24. Ng5 {[%clk 00:37:45]} {[%emt 00:03:19]}
Qe7 {[%clk 01:06:05]} {[%emt 00:00:56]} 25. h4 {[%clk 00:34:01]} {[%emt
00:04:17]} h6 {[%clk 01:05:07]} {[%emt 00:01:28]} 26. Nf3 {[%clk 00:33:12]}
{[%emt 00:01:19]} Rcd8 {[%clk 01:04:41]} {[%emt 00:00:56]} 27. Qc2 {[%clk
00:26:40]} {[%emt 00:07:02]} Rxd1+ {[%clk 01:04:05]} {[%emt 00:01:05]} 28. Qxd1
{[%clk 00:27:03]} {[%emt 00:00:07]} Qe4+ {[%clk 01:04:24]} {[%emt 00:00:11]}
29. Ka1 {[%clk 00:26:03]} {[%emt 00:01:30]} Qxc4 {[%clk 01:04:43]} {[%emt
00:00:11]} 30. Ne5 {[%clk 00:24:47]} {[%emt 00:01:46]} Qd5 {[%clk 01:02:40]}
{[%emt 00:02:33]} 31. Qxd5 {[%clk 00:19:47]} {[%emt 00:05:29]} cxd5 {[%clk
01:02:00]} {[%emt 00:01:10]} 32. Rh1 {[%clk 00:18:08]} {[%emt 00:02:10]} Re8
{[%clk 01:00:26]} {[%emt 00:02:04]} 33. Nd3 {[%clk 00:17:24]} {[%emt 00:01:13]}
Rc8 {[%clk 00:59:25]} {[%emt 00:01:31]} 34. Nb4 {[%clk 00:15:51]} {[%emt
00:02:03]} d4 {[%clk 00:57:51]} {[%emt 00:02:05]} 35. Nd5 {[%clk 00:13:37]}
{[%emt 00:02:44]} Rd8 {[%clk 00:55:54]} {[%emt 00:02:28]} 36. Nf4 {[%clk
00:11:03]} {[%emt 00:03:04]} dxe3 {[%clk 00:55:59]} {[%emt 00:00:25]} 37. fxe3
{[%clk 00:11:15]} {[%emt 00:00:18]} Re8 {[%clk 00:55:34]} {[%emt 00:00:55]} 38.
Re1 {[%clk 00:10:50]} {[%emt 00:00:55]} g5 {[%clk 00:55:27]} {[%emt 00:00:38]}
39. hxg5 {[%clk 00:10:35]} {[%emt 00:00:43]} hxg5 {[%clk 00:55:52]} {[%emt
00:00:06]} 40. Nd5 {[%clk 00:08:03]} {[%emt 00:03:01]} Kg7 {[%clk 00:55:59]}
{[%emt 00:00:24]} 41. Rf1 {[%clk 00:07:45]} {[%emt 00:00:48]} Re5 {[%clk
00:53:49]} {[%emt 00:02:40]} 42. Nc3 {[%clk 00:07:46]} {[%emt 00:00:28]} Rxe3
{[%clk 00:53:58]} {[%emt 00:00:21]} 43. Rxf5 {[%clk 00:07:58]} {[%emt
00:00:18]} Re1+ {[%clk 00:54:13]} {[%emt 00:00:15]} 44. Nb1 {[%clk 00:08:08]}
{[%emt 00:00:20]} Kg6 {[%clk 00:54:30]} {[%emt 00:00:13]} 45. Rd5 {[%clk
00:08:09]} {[%emt 00:00:29]} g4 {[%clk 00:53:45]} {[%emt 00:01:15]} 46. Rd8
{[%clk 00:05:23]} {[%emt 00:03:16]} f5 {[%clk 00:49:11]} {[%emt 00:05:05]} 47.
a3 {[%clk 00:04:44]} {[%emt 00:01:08]} Kg5 {[%clk 00:44:08]} {[%emt 00:05:33]}
48. Ka2 {[%clk 00:04:25]} {[%emt 00:00:50]} g3 {[%clk 00:42:04]} {[%emt
00:02:33]} 49. Nd2 {[%clk 00:03:46]} {[%emt 00:01:09]} Kf4 {[%clk 00:39:17]}
{[%emt 00:03:18]} 50. Rg8 {[%clk 00:26:45]} {[%emt 00:07:31]} Re2 {[%clk
01:04:16]} {[%emt 00:05:30]} 51. Nb3 {[%clk 00:22:54]} {[%emt 00:04:21]} g2
{[%clk 01:00:20]} {[%emt 00:04:26]} 52. Nd4 {[%clk 00:17:11]} {[%emt 00:06:12]}
Rd2 {[%clk 00:56:45]} {[%emt 00:04:06]} 53. Ne6+ {[%clk 00:16:53]} {[%emt
00:00:49]} Ke3 {[%clk 00:54:49]} {[%emt 00:02:24]} 54. Nc5 {[%clk 00:15:13]}
{[%emt 00:02:10]} Kf2 {[%clk 00:53:20]} {[%emt 00:01:56]} 55. Ne4 {[%clk
00:12:49]} {[%emt 00:02:56]} fxe4 {[%clk 00:52:33]} {[%emt 00:01:18]} 56. Rf8
{[%clk 00:12:14]} {[%emt 00:01:05]} Ke1 {[%clk 00:52:21]} {[%emt 00:00:43]} 57.
Rg8 {[%clk 00:12:09]} {[%emt 00:00:34]} Kd1 {[%clk 00:52:04]} {[%emt 00:00:46]}
0-1

[Event "ODJM C 2024"]
[Site "Willingen GER"]
[Date "2024.05.22"]
[Round "6"]
[White "Lau, Lars"]
[Black "Finck, Julius"]
[Result "1/2-1/2"]
[Termination "normal"]
[Board "15"]
[WhiteElo "1554"]
[BlackElo "1579"]
[WhiteClock "00:58:57"]
[BlackClock "00:50:05"]
[PlyCount "42"]
[WhiteFideId "34623663"]
[BlackFideId "34660429"]
[EventCountry "GER"]
[EventRounds "9"]
[EventType "swiss"]
[EventDate "2024.05.18"]

1. d4 {[%clk 01:30:57]} {[%emt 00:00:02]} d5 {[%clk 01:30:21]} {[%emt
00:00:39]} 2. c4 {[%clk 01:31:22]} {[%emt 00:00:05]} e6 {[%clk 01:29:43]}
{[%emt 00:01:08]} 3. Nc3 {[%clk 01:31:45]} {[%emt 00:00:08]} Be7 {[%clk
01:29:35]} {[%emt 00:00:37]} 4. Nf3 {[%clk 01:32:09]} {[%emt 00:00:06]} Nf6
{[%clk 01:28:23]} {[%emt 00:01:40]} 5. Bf4 {[%clk 01:31:25]} {[%emt 00:01:16]}
Nbd7 {[%clk 01:25:36]} {[%emt 00:03:18]} 6. e3 {[%clk 01:27:35]} {[%emt
00:04:19]} O-O {[%clk 01:24:04]} {[%emt 00:02:01]} 7. Bd3 {[%clk 01:27:14]}
{[%emt 00:00:51]} b6 {[%clk 01:19:04]} {[%emt 00:05:30]} 8. O-O {[%emt
00:05:57]} c5 {[%clk 01:15:01]} 9. cxd5 {[%clk 01:23:00]} {[%emt 00:03:50]}
exd5 {[%clk 01:13:00]} {[%emt 00:02:31]} 10. Nb5 {[%clk 01:17:14]} {[%emt
00:06:17]} Ba6 {[%clk 01:11:15]} {[%emt 00:02:15]} 11. Nc7 {[%clk 01:13:51]}
{[%emt 00:03:53]} Bxd3 {[%clk 01:10:28]} {[%emt 00:01:16]} 12. Qxd3 {[%clk
01:14:16]} {[%emt 00:00:05]} Rc8 {[%clk 01:07:32]} {[%emt 00:03:25]} 13. Nb5
{[%clk 01:13:03]} {[%emt 00:01:44]} Ra8 {[%clk 01:07:14]} {[%emt 00:00:45]} 14.
dxc5 {[%clk 01:09:53]} {[%emt 00:03:43]} Nxc5 {[%clk 01:02:06]} {[%emt
00:05:39]} 15. Qe2 {[%clk 01:06:33]} {[%emt 00:03:50]} Nce4 {[%clk 01:01:06]}
{[%emt 00:01:30]} 16. Nfd4 {[%clk 01:06:03]} {[%emt 00:00:59]} Qd7 {[%clk
00:55:58]} {[%emt 00:05:38]} 17. Rac1 {[%clk 01:03:53]} {[%emt 00:02:40]} Rac8
{[%clk 00:53:07]} {[%emt 00:03:21]} 18. f3 {[%clk 01:00:57]} {[%emt 00:03:26]}
Nd6 {[%clk 00:50:03]} {[%emt 00:03:33]} 19. Bxd6 {[%clk 00:59:16]} {[%emt
00:02:12]} Bxd6 {[%clk 00:49:56]} {[%emt 00:00:37]} 20. Nxd6 {[%clk 00:59:13]}
{[%emt 00:00:34]} Qxd6 {[%clk 00:49:59]} {[%emt 00:00:26]} 21. Nb5 {[%clk
00:58:57]} {[%emt 00:00:46]} Qd7 {[%clk 00:50:05]} {[%emt 00:00:25]} 1/2-1/2

[Event "ODJM C 2024"]
[Site "Willingen GER"]
[Date "2024.05.22"]
[Round "6"]
[White "Knaudt, Anna"]
[Black "Racky, Benedikt"]
[Result "1-0"]
[Termination "normal"]
[Board "16"]
[WhiteElo "1330"]
[BlackElo "1180"]
[WhiteClock "00:12:26"]
[BlackClock "01:10:01"]
[PlyCount "51"]
[WhiteFideId "533001910"]
[BlackFideId "16239458"]
[EventCountry "GER"]
[EventRounds "9"]
[EventType "swiss"]
[EventDate "2024.05.18"]

1. e4 {[%clk 01:30:57]} {[%emt 00:00:03]} c6 {[%clk 01:30:57]} {[%emt
00:00:04]} 2. d4 {[%clk 01:31:20]} {[%emt 00:00:06]} d5 {[%clk 01:31:24]}
{[%emt 00:00:03]} 3. e5 {[%clk 01:31:45]} {[%emt 00:00:05]} c5 {[%clk
01:31:48]} {[%emt 00:00:06]} 4. c3 {[%clk 01:31:09]} {[%emt 00:01:06]} Nc6
{[%clk 01:32:13]} {[%emt 00:00:05]} 5. Nf3 {[%clk 01:31:26]} {[%emt 00:00:13]}
Bg4 {[%clk 01:32:36]} {[%emt 00:00:08]} 6. h3 {[%clk 01:31:47]} {[%emt
00:00:09]} Bxf3 {[%clk 01:32:58]} {[%emt 00:00:08]} 7. Qxf3 {[%clk 01:32:05]}
{[%emt 00:00:11]} cxd4 {[%clk 01:32:55]} {[%emt 00:00:33]} 8. Bb5 {[%clk
01:20:05]} {[%emt 00:12:30]} e6 {[%clk 01:33:07]} {[%emt 00:00:17]} 9. cxd4
{[%clk 01:20:15]} {[%emt 00:00:20]} Bb4+ {[%clk 01:32:59]} {[%emt 00:00:38]}
10. Bd2 {[%clk 01:20:34]} {[%emt 00:00:11]} Bxd2+ {[%clk 01:31:17]} {[%emt
00:02:12]} 11. Nxd2 {[%clk 01:20:57]} {[%emt 00:00:07]} Nge7 {[%clk 01:31:00]}
{[%emt 00:00:48]} 12. O-O {[%clk 01:17:17]} {[%emt 00:04:10]} O-O {[%clk
01:31:24]} {[%emt 00:00:06]} 13. Qg4 {[%clk 01:00:49]} {[%emt 00:16:57]} Qb6
{[%clk 01:31:16]} {[%emt 00:00:38]} 14. Bxc6 {[%clk 00:53:08]} {[%emt
00:08:12]} Nxc6 {[%clk 01:31:31]} {[%emt 00:00:16]} 15. Nb3 {[%clk 00:52:35]}
{[%emt 00:01:03]} Rac8 {[%clk 01:30:46]} {[%emt 00:01:14]} 16. Nc5 {[%clk
00:40:38]} {[%emt 00:12:27]} Qxb2 {[%clk 01:29:39]} {[%emt 00:01:38]} 17. Nd7
{[%clk 00:40:54]} {[%emt 00:00:14]} Rfd8 {[%clk 01:29:35]} {[%emt 00:00:33]}
18. Nf6+ {[%clk 00:41:04]} {[%emt 00:00:20]} Kf8 {[%clk 01:29:07]} {[%emt
00:00:58]} 19. Nxh7+ {[%clk 00:39:34]} {[%emt 00:01:59]} Ke7 {[%clk 01:29:02]}
{[%emt 00:00:36]} 20. Qxg7 {[%clk 00:34:48]} {[%emt 00:05:15]} Qxd4 {[%clk
01:27:34]} {[%emt 00:01:58]} 21. Qf6+ {[%clk 00:32:33]} {[%emt 00:02:45]} Ke8
{[%clk 01:26:38]} {[%emt 00:01:26]} 22. Rfe1 {[%clk 00:25:54]} {[%emt
00:07:09]} Rc7 {[%clk 01:19:46]} {[%emt 00:07:22]} 23. Rab1 {[%clk 00:20:42]}
{[%emt 00:05:42]} Rdc8 {[%clk 01:16:28]} {[%emt 00:03:48]} 24. Rb3 {[%clk
00:14:40]} {[%emt 00:06:32]} Rd7 {[%clk 01:10:36]} {[%emt 00:06:21]} 25. Rg3
{[%clk 00:14:10]} {[%emt 00:01:00]} Ne7 {[%clk 01:10:01]} {[%emt 00:01:05]} 26.
Qh8+ {[%clk 00:12:26]} {[%emt 00:02:14]} 1-0

[Event "ODJM C 2024"]
[Site "Willingen GER"]
[Date "2024.05.22"]
[Round "6"]
[White "Prigandt, Junis"]
[Black "Claussen, Daniela"]
[Result "0-1"]
[Termination "normal"]
[Board "17"]
[WhiteElo "1181"]
[BlackElo "1436"]
[WhiteClock "01:08:26"]
[BlackClock "01:02:29"]
[PlyCount "70"]
[WhiteFideId "34631712"]
[BlackFideId "16248929"]
[EventCountry "GER"]
[EventRounds "9"]
[EventType "swiss"]
[EventDate "2024.05.18"]

1. c4 {[%clk 01:30:41]} {[%emt 00:00:18]} b6 {[%clk 01:30:45]} {[%emt
00:00:16]} 2. Nf3 {[%clk 01:30:38]} {[%emt 00:00:33]} e6 {[%clk 01:30:53]}
{[%emt 00:00:21]} 3. Nc3 {[%clk 01:30:43]} {[%emt 00:00:24]} Bb4 {[%clk
01:30:53]} {[%emt 00:00:30]} 4. g3 {[%clk 01:30:22]} {[%emt 00:00:52]} Bb7
{[%clk 01:31:09]} {[%emt 00:00:15]} 5. Bg2 {[%clk 01:30:21]} {[%emt 00:00:31]}
Nf6 {[%clk 01:30:34]} {[%emt 00:01:05]} 6. a3 {[%clk 01:28:14]} {[%emt
00:02:37]} Bxc3 {[%clk 01:30:52]} {[%emt 00:00:12]} 7. bxc3 {[%clk 01:28:23]}
{[%emt 00:00:21]} O-O {[%clk 01:30:17]} {[%emt 00:01:04]} 8. O-O {[%clk
01:27:08]} {[%emt 00:01:46]} d6 {[%clk 01:29:58]} {[%emt 00:00:48]} 9. d4
{[%clk 01:26:16]} {[%emt 00:01:23]} Nbd7 {[%clk 01:29:23]} {[%emt 00:01:04]}
10. Qd3 {[%clk 01:24:58]} {[%emt 00:01:48]} e5 {[%clk 01:24:05]} {[%emt
00:05:48]} 11. dxe5 {[%clk 01:22:57]} {[%emt 00:02:31]} Nxe5 {[%clk 01:23:26]}
{[%emt 00:01:09]} 12. Nxe5 {[%clk 01:23:15]} {[%emt 00:00:12]} Bxg2 {[%clk
01:23:48]} {[%emt 00:00:08]} 13. Kxg2 {[%clk 01:23:39]} {[%emt 00:00:06]} dxe5
{[%clk 01:24:12]} {[%emt 00:00:06]} 14. Qxd8 {[%clk 01:21:58]} {[%emt
00:02:11]} Raxd8 {[%clk 01:24:09]} {[%emt 00:00:33]} 15. Bg5 {[%clk 01:22:07]}
{[%emt 00:00:21]} Rd6 {[%clk 01:22:59]} {[%emt 00:01:40]} 16. Rad1 {[%clk
01:18:46]} {[%emt 00:03:51]} Ne4 {[%clk 01:16:23]} {[%emt 00:07:06]} 17. Rxd6
{[%clk 01:17:39]} {[%emt 00:01:38]} Nxd6 {[%clk 01:14:49]} {[%emt 00:02:03]}
18. Be7 {[%clk 01:17:47]} {[%emt 00:00:23]} Re8 {[%clk 01:15:09]} {[%emt
00:00:10]} 19. Bxd6 {[%clk 01:18:07]} {[%emt 00:00:10]} cxd6 {[%clk 01:15:32]}
{[%emt 00:00:06]} 20. f4 {[%clk 01:17:14]} {[%emt 00:01:23]} exf4 {[%clk
01:13:21]} {[%emt 00:02:41]} 21. Rxf4 {[%clk 01:17:18]} {[%emt 00:00:26]} Rxe2+
{[%clk 01:13:37]} {[%emt 00:00:15]} 22. Rf2 {[%clk 01:17:04]} {[%emt 00:00:44]}
Rxf2+ {[%clk 01:13:42]} {[%emt 00:00:24]} 23. Kxf2 {[%clk 01:17:25]} {[%emt
00:00:09]} f5 {[%clk 01:13:06]} {[%emt 00:01:07]} 24. Ke3 {[%clk 01:17:17]}
{[%emt 00:00:38]} Kf7 {[%clk 01:13:17]} {[%emt 00:00:18]} 25. Kd4 {[%clk
01:16:47]} {[%emt 00:01:01]} Ke6 {[%clk 01:13:38]} {[%emt 00:00:09]} 26. h3
{[%clk 01:15:56]} {[%emt 00:01:21]} g5 {[%clk 01:11:56]} {[%emt 00:02:11]} 27.
g4 {[%clk 01:11:28]} {[%emt 00:04:58]} f4 {[%clk 01:09:15]} {[%emt 00:03:11]}
28. Ke4 {[%clk 01:10:27]} {[%emt 00:01:31]} h6 {[%clk 01:06:19]} {[%emt
00:03:26]} 29. a4 {[%clk 01:10:21]} {[%emt 00:00:35]} a6 {[%clk 01:06:22]}
{[%emt 00:00:28]} 30. Kd4 {[%clk 01:10:07]} {[%emt 00:00:44]} Kd7 {[%clk
01:04:07]} {[%emt 00:02:44]} 31. Ke4 {[%clk 01:08:28]} {[%emt 00:02:09]} Kc6
{[%clk 01:04:03]} {[%emt 00:00:34]} 32. Kd4 {[%clk 01:08:29]} {[%emt 00:00:29]}
a5 {[%clk 01:04:13]} {[%emt 00:00:20]} 33. c5 {[%clk 01:08:24]} {[%emt
00:00:35]} bxc5+ {[%clk 01:03:26]} {[%emt 00:01:18]} 34. Ke4 {[%clk 01:08:26]}
{[%emt 00:00:27]} c4 {[%clk 01:02:10]} {[%emt 00:01:46]} 35. Kd4 {[%clk
01:08:26]} {[%emt 00:00:30]} d5 {[%clk 01:02:29]} {[%emt 00:00:11]} 0-1